Normal view
MARC view
- Supervisor: Dr. Muhammad Sabir
Entry Personal Name
001 - CONTROL NUMBER
- control field: 114406
003 - CONTROL NUMBER IDENTIFIER
- control field: NUST
005 - DATE AND TIME OF LATEST TRANSACTION
- control field: 20230904095654.0
008 - FIXED-LENGTH DATA ELEMENTS
- fixed length control field: 230904|| aca||aabn | a|a d
040 ## - CATALOGING SOURCE
- Original cataloging agency: NUST
- Transcribing agency: NUST
100 ## - HEADING--PERSONAL NAME
- Personal name: Supervisor: Dr. Muhammad Sabir
670 ## - SOURCE DATA FOUND
- Source citation: Work cat.: (NUST): Rabani, Asad Ali 114403, Next Best Action using Predictive and Descriptive analytics to enable Customer Retention
